Socialismo / (Record no. 172150)

MARC details
000 -LEADER
campo de control de longitud fija 00731nam a22002295i 4500
001 - NÚMERO DE CONTROL
campo de control 172150
003 - IDENTIFICADOR DE NÚMERO DE CONTROL
campo de control ES-MaACL
005 - FECHA Y HORA DE LA ÚLTIMA TRANSACCIÓN
campo de control 20250727062618.0
008 - DATOS DE LONGITUD FIJA--INFORMACIÓN GENERAL
campo de control de longitud fija 090616s1967 sp |||| | spa d
080 ## - NÚMERO DE LA CLASIFICACIÓN DECIMAL UNIVERSAL
Número de la Clasificación Decimal Universal 335(082)
245 00 - MENCIÓN DEL TÍTULO
Título Socialismo /
Mención de responsabilidad, etc. prólogo de Joan Raventós [i.e. Reventós] i Carner ; [traducción por Francisco Artau y Antonio Ferrer].
260 ## - PUBLICACIÓN, DISTRIBUCIÓN, ETC.
Lugar de publicación, distribución, etc. Barcelona :
Nombre del editor, distribuidor, etc. Pentaleu,
Fecha de publicación, distribución, etc. [1967]
300 ## - DESCRIPCIÓN FÍSICA
Extensión 198 p. ;
Dimensiones 17 cm.
490 1# - MENCIÓN DE SERIE
Mención de serie Textos
650 17 - PUNTO DE ACCESO ADICIONAL DE MATERIA--TÉRMINO DE MATERIA
Término de materia o nombre geográfico como elemento de entrada Socialismo
Fuente del encabezamiento o término embne
9 (RLIN) 17147
700 0# - ENTRADA AGREGADA--NOMBRE PERSONAL
Nombre de persona Ferrer, Antonio.
9 (RLIN) 50408
700 1# - ENTRADA AGREGADA--NOMBRE PERSONAL
Nombre de persona Artau, Francisco.
9 (RLIN) 140725
700 1# - ENTRADA AGREGADA--NOMBRE PERSONAL
Nombre de persona Reventós, Joan (
Fechas asociadas al nombre 1927-2004)
9 (RLIN) 151763
830 0# - PUNTO DE ACCESO ADICIONAL DE SERIE-TÍTULO UNIFORME
Título uniforme Textos
9 (RLIN) 179017
852 ## - LOCALIZACIÓN
Ubicación ES-MaACL
Número de control de estantería C-32537
itemnumber R.63145
Holdings
Estatus retirado Estado de pérdida Estado de daño No para préstamo Biblioteca de origen Biblioteca actual Ubicación en estantería Fecha de adquisición Fuente de adquisición Total de préstamos Signatura topográfica completa Código de barras Visto por última vez Precio de reemplazo Tipo de ítem Koha
        Biblioteca del Ateneo de Madrid Biblioteca del Ateneo de Madrid Depósito 2 16/06/2009     C-32537 1180659 23/02/2023 23/02/2023 Libro impreso